000
00310nam a22001337a 4500
008
210427b ||||| |||| 00| 0 eng d
041
_a
eng
080
_a
311
082
_a
311
100
_a
55
101
_a
STA
245
_a
Decision Analysis for Petroleum Exploration
_c
Paul D. Newendrop
942
_2
udc
_c
BK
999
_c
56799
_d
56799